Trofeos ganados por Cristiano Ronaldo - Estadísticas

Estadísticas generales
  • Esta prueba ha sido intentada 61 veces
  • La puntuación promedio es 14 de 18
Estadísticas de respuestas
Hint Respuesta % Correcto
Manchester United Champions League
98%
Real Madrid Champions League
98%
Manchester United Premier League
96%
Real Madrid Copa del Rey
95%
Selección de Portugal Eurocopa
95%
Selección de Portugal Nations League
85%
Manchester United The Emirates FA Cup
85%
Manchester United Mundial de Clubes
82%
Real Madrid Mundial de Clubes
82%
Juventus Serie A
80%
Real Madrid Supercopa de España
80%
Manchester United Carabao Cup
73%
Real Madrid Supercopa de Europa
67%
Real Madrid LaLiga EA Sports
64%
Juventus Copa Italia
58%
Manchester United Community Shield
53%
Juventus Supercopa de la Italia
45%
Sporting CP Supercopa Cândido de Oliveira
22%
No se encontraron pruebas coincidentes
Distribución de puntuación
Porcentaje de gente con cada puntuación
Porcentaje por número respondido
Historial de tus puntuaciones
No has intentado esta prueba.